Statistics for Christian Rappers by Picture

Click here to take the quiz!

General Stats

  • This quiz has been taken 12 times
  • The average score is 10 of 16

Answer Stats

Answer% Correct
Lecrae
91%
Andy Mineo
82%
KB
82%
nobigdyl.
82%
Tedashii
73%
Trip Lee
73%
Wande
73%
1k Phew
64%
Bizzle
55%
Derek Minor
55%
Hulvey
55%
Aaron Cole
45%
Aha Gazelle
45%
WHATUPRG
45%
Wordsplayed
45%
Sho Baraka
36%

Score Distribution

Percentile by Number Answered

Percent of People with Each Score

Your Score History

You have not taken this quiz